UBT Library

Financing for development : (Record no. 443)

000 -LEADER
fixed length control field 00707nam a22002177a 4500
005 - DATE AND TIME OF LATEST TRANSACTION
control field 20150522033751.0
008 - FIXED-LENGTH DATA ELEMENTS--GENERAL INFORMATION
fixed length control field 010829s2001 ja b i001 0 eng
020 ## - INTERNATIONAL STANDARD BOOK NUMBER
International Standard Book Number 9280810731
024 #0 - OTHER STANDARD IDENTIFIER
Terms of availability eng
080 ## - UNIVERSAL DECIMAL CLASSIFICATION NUMBER
Universal Decimal Classification number 336
245 00 - TITLE STATEMENT
Title Financing for development :
Statement of responsibility, etc edited by Barry Herman, Federica Pietracci, and Krishnan Sharma.
260 ## -
-- Tokyo ;
-- New York :
-- United Nations University Press,
-- 2001.
300 ## -
-- 181 f. ;
-- 23 cm.
504 ## - BIBLIOGRAPHY, ETC. NOTE
Bibliography, etc Includes bibliographical references and index.
650 #0 -
-- Zhvillimi Ekonomik
700 1# -
-- Herman, Barry.
700 1# -
-- Pietracci, Federica.
700 1# -
-- Sharma, Krishnan.
942 ## - ADDED ENTRY ELEMENTS (KOHA)
Source of classification or shelving scheme
Item type Books
Holdings
Withdrawn status Lost status Source of classification or shelving scheme Damaged status Not for loan Collection code Permanent location Current location Shelving location Date acquired Total Checkouts Full call number Barcode Date last seen Koha item type Price effective from
          Koleksioni i përgjithshem UBT - Ferizaj UBT - Ferizaj Koleksioni i përgjithshem 04/29/2014   336 FIN 003000351 04/29/2014 Books  
          Koleksioni i përgjithshem UBT - Ferizaj UBT - Ferizaj Koleksioni i përgjithshem 04/29/2014   336 FIN 003000352 04/29/2014 Books  
          Koleksioni i përgjithshem UBT - Ferizaj UBT - Ferizaj Koleksioni i përgjithshem 04/29/2014   336 FIN 003000353 04/29/2014 Books  
          Koleksioni i përgjithshem UBT - Ferizaj UBT - Ferizaj Koleksioni i përgjithshem 04/29/2014   336 FIN 003000354 04/29/2014 Books  
          Koleksioni i përgjithshem UBT - Ferizaj UBT - Ferizaj Koleksioni i përgjithshem 04/29/2014   336 FIN 003000355 04/29/2014 Books  
          Koleksioni i përgjithshem UBT - Ferizaj UBT - Ferizaj Koleksioni i përgjithshem 04/29/2014   336 FIN 003000356 04/29/2014 Books  
          Koleksioni i përgjithshem UBT - Ferizaj UBT - Ferizaj Koleksioni i përgjithshem 04/29/2014   336 FIN 003000357 04/29/2014 Books  
          Koleksioni i përgjithshem UBT - Ferizaj UBT - Ferizaj Koleksioni i përgjithshem 04/29/2014   336 FIN 003000358 04/29/2014 Books  
          Koleksioni i përgjithshem UBT - Ferizaj UBT - Ferizaj Koleksioni i përgjithshem 04/29/2014   336 FIN 003000359 04/29/2014 Books  
          Koleksioni i përgjithshem UBT - Ferizaj UBT - Ferizaj Koleksioni i përgjithshem 04/29/2014   336 FIN 003000360 04/29/2014 Books  
          Koleksioni i përgjithshem UBT - Lipjan UBT - Lipjan Koleksioni i përgjithshem 05/22/2015   336 FIN 002-008529 05/22/2015 Books  
          Koleksioni i përgjithshem UBT - Lipjan UBT - Lipjan Koleksioni i përgjithshem 10/07/2015   336 FIN 002-008534 10/07/2015 Books 10/07/2015
          Koleksioni i përgjithshem UBT - Lipjan UBT - Lipjan Koleksioni i përgjithshem 10/07/2015   336 FIN 002-008525 10/07/2015 Books 10/07/2015
          Koleksioni i përgjithshem UBT - Lipjan UBT - Lipjan Koleksioni i përgjithshem 10/07/2015   336 FIN 002-008526 10/07/2015 Books 10/07/2015
          Koleksioni i përgjithshem UBT - Lipjan UBT - Lipjan Koleksioni i përgjithshem 10/07/2015   336 FIN 002-008527 10/07/2015 Books 10/07/2015
          Koleksioni i përgjithshem UBT - Lipjan UBT - Lipjan Koleksioni i përgjithshem 10/07/2015   336 FIN 002-008528 10/07/2015 Books 10/07/2015
          Koleksioni i përgjithshem UBT - Lipjan UBT - Lipjan Koleksioni i përgjithshem 10/07/2015   336 FIN 002-008530 10/07/2015 Books 10/07/2015
          Koleksioni i përgjithshem UBT - Lipjan UBT - Lipjan Koleksioni i përgjithshem 10/07/2015   336 FIN 002-008531 10/07/2015 Books 10/07/2015
          Koleksioni i përgjithshem UBT - Lipjan UBT - Lipjan Koleksioni i përgjithshem 10/07/2015   336 FIN 002-008532 10/07/2015 Books 10/07/2015
          Koleksioni i përgjithshem UBT - Lipjan UBT - Lipjan Koleksioni i përgjithshem 10/07/2015   336 FIN 002-008533 10/07/2015 Books 10/07/2015
UBT Library © 2015-2024. All rights reserved University Education for Business and Technology